Normal view
MARC view
- Quaid-I-Azam Univeristy
Entry Personal Name
001 - CONTROL NUMBER
- control field: 74378
003 - CONTROL NUMBER IDENTIFIER
- control field: NUST
005 - DATE AND TIME OF LATEST TRANSACTION
- control field: 20210628205209.0
008 - FIXED-LENGTH DATA ELEMENTS
- fixed length control field: 210628|| aca||aabn | a|a d
040 ## - CATALOGING SOURCE
- Original cataloging agency: NUST
- Transcribing agency: NUST
100 ## - HEADING--PERSONAL NAME
- Personal name: Quaid-I-Azam Univeristy
670 ## - SOURCE DATA FOUND
- Source citation: Work cat.: (NUST): Quaid-I-Azam Univeristy, Quaid-i-azam mohammad ali jinnah second phase of his freedom struggle 1024-1934, 1994
